| 000 | 00697nam a22002177a 4500 | ||
|---|---|---|---|
| 999 |
_c9270 _d9270 |
||
| 003 | AR-CdUCM | ||
| 008 | 190327b ||||| |||| 00| 0 spa d | ||
| 040 |
_aMUNICIPALIDAD PROVINCIAL DEL CUSCO _cBIBLIOTECA MUNICIPAL DEL CUSCO |
||
| 082 |
_a869.56 / _bG71 |
||
| 100 |
_aGonzález Olaechea, María Eugenia _925367 |
||
| 245 | _a33 escalones de esperanza / | ||
| 260 |
_aLima : _bTalls. Gráfs. P. L. Villanueva, _c1956. |
||
| 300 |
_a86 páginas ; _c22 cm. |
||
| 500 | _aCon dedicatoria a Luis Nieto -- Donación de la familia Nieto | ||
| 505 | _aContenido : Poesía | ||
| 650 |
_aPoesía _9444 |
||
| 650 |
_aLiteratura _9416 |
||
| 650 |
_aLima _9231 |
||
| 942 |
_2ddc _cLIBROS |
||
| 945 | _admma | ||